Kvalita prepravných služieb a podniková identia železničnej spoločnosti Slovensko, a. s.

Doprava reprezentujúca mobilitu osôb a premiestnenie tovaru je neoddeliteľnou súčasťou hospodárstva každej krajiny, je priamym indikátorom jej ekonomickej a hospodárskej situácie. Faktory, ktoré majú vplyv na kvalitu prepravy a tiež vzťah medzi kvalitou prepravy a podnikovou identitou dopravného pod...

ver descrição completa

Na minha lista:
Detalhes bibliográficos
Autor principal: Bieliková, Alžbeta
Outros Autores: Bartošová, Viera
Formato: Capítulo de Livro
Idioma:eslovaco
Assuntos:
Tags: Adicionar Tag
Sem tags, seja o primeiro a adicionar uma tag!

MARC

LEADER 00000nla a2200000 4500
001 0161139
005 20220323102413.0
041 0 |a slo 
044 |a SK 
245 1 0 |a Kvalita prepravných služieb a podniková identia železničnej spoločnosti Slovensko, a. s.  |c Alžbeta Bieliková, Viera Bartošová 
520 |a Doprava reprezentujúca mobilitu osôb a premiestnenie tovaru je neoddeliteľnou súčasťou hospodárstva každej krajiny, je priamym indikátorom jej ekonomickej a hospodárskej situácie. Faktory, ktoré majú vplyv na kvalitu prepravy a tiež vzťah medzi kvalitou prepravy a podnikovou identitou dopravného podniku. 
610 2 0 |a hospodárstvo dopravné 
610 2 0 |a politika dopravná 
610 2 0 |a doprava železničná 
610 2 0 |a trate železničné 
610 2 0 |a železnice 
610 2 0 |a identita podniková 
610 2 0 |a kvalita služieb 
100 1 |a Bieliková, Alžbeta 
700 1 |a Bartošová, Viera